History Quiz

Random History or Nation Quiz
Score 0/85 Timer 09:00
0 Plays Today
Nation Name % Correct
United StatesBenjamin Harrison
75%
RussiaAlexander ΙΙΙ
55%
German EmpireWilhelm ΙΙ
55%
GreeceGeorge
55%
SerbiaAlexander
55%
RomaniaCarol
50%
MontenegroNicholas
50%
PortugalCarlos
45%
United KingdomWilliam Ewart Gladstone
45%
MonacoAlbert
45%
Austria-HungaryFrancis Joseph
45%
CongoLeopold ΙΙ
45%
MexicoPorfirio Díaz
35%
SpainMaria Christina
35%
SwedenOscar ΙΙ
35%
JapanMeiji
35%
WadaiYusuf ibn ‘Ali
35%
NorwayOscar ΙΙ
35%
SudanAbdallahi ibn Muhammad
35%
ChinaGuangxu
30%
Ottoman EmpireAbdülhamid ΙΙ
30%
EthiopiaMenelik ΙΙ
30%
TongaGeorge Tupou Ι
30%
MoroccoHassan Ι
30%
AndorraMarie François Sadi Carnot / Salvador Casañas i Pagés
25%
ColombiaRafael Núñez
25%
PersiaNaser al-Din Shah Qajar
25%
LiechtensteinJohann ΙΙ
25%
FranceMarie François Sadi Carnot
25%
Nation Name % Correct
TransvaalPaul Kruger
25%
ZazzauUthman Yero ibn Abd Allah
25%
Costa RicaJosé Joaquín Rodríguez
20%
PeruRemigio Morales Bermúdez
20%
SiamChulalongkorn
20%
Jabal ShammarMuhammed bin ʿAbdullah
20%
JoseonGojong
20%
BugandaMwanga ΙΙ
20%
AfghanistanAbdur Rahman
15%
ArgentinaLuis Sáenz Peña
15%
BrazilFloriano Peixoto
15%
ChileJorge Montt
15%
EcuadorLuis Cordero Crespo
15%
GuatemalaJose Maria Reina Barrios
15%
ItalyGiovanni Giolitti
15%
LiberiaJoseph James Cheeseman
15%
NepalPrithvi
15%
Muscat and OmanFaisal bin Turki
15%
ParaguayJuan Gualberto González
15%
UruguayJulio Herrera y Obes
15%
VenezuelaJoaquín Crespo
15%
BelgiumAuguste Beernaert
15%
SokotoAbdur Rahman Atiku
15%
Kénédougou Tieba Traoré
15%
SamoaLaupepa
15%
ImerinaRanavalona ΙΙΙ
15%
Toucouleur EmpireTidiani Tall
15%
BhutanSangye Dorji
10%
BoliviaMariano Baptista
10%
Nation Name % Correct
CanadaJohn Thompson
10%
El SalvadorCarlos Ezeta
10%
HondurasPonciano Leiva
10%
NicaraguaRoberto Sacasa
10%
San MarinoGemino Gozi / Giacomo Marcucci
10%
SwitzerlandKarl Schenk
10%
DenmarkJacob Brønnum Scavenius Estrup
10%
LuxembourgPaul Eyschen
10%
NetherlandsGijsbert van Tienhoven
10%
HaitiFlorvil Hyppolite
10%
SwazilandMbandzeni
10%
Orange Free StateFrancis William Reitz
10%
Dominican RepublicUlises Heureaux
10%
ChampsakKham Souk
10%
NiueFata-a-iki
10%
Wassoulou EmpireSamori Ture
10%
BagirmiGaourang ΙΙ
10%
BeninOvonramwen
10%
KaffaGaki Sherocho
10%
AshantiPrempeh Ι
10%
DendiAskiya Malla
10%
BunyoroKabalega
10%
BornoAshimi
10%
DahomeyBéhanzin
10%
KazembeKanyembo Ntemena
10%
AcehAlauddin Muhammad Da'ud Syah ΙΙ
5%
HawaiiLiliʻuokalani
5%
Remove Ads.
Support Sporcle.
Get the best of Sporcle when you Go Orange. This ad-free experience offers more features, more stats, and more fun while also helping to support Sporcle. Thank you for becoming a member.

You're not logged in!

Compare scores with friends on all Sporcle quizzes.
OR
Log In

Show Comments

Extras

Top Quizzes Today


Score Distribution

Your Account Isn't Verified!

In order to create a playlist on Sporcle, you need to verify the email address you used during registration. Go to your Sporcle Settings to finish the process.

Report this User

Report this user for behavior that violates our Community Guidelines.

Details: